戦国時代の藩名クイズ - Statistics

General Stats
  • This quiz has been taken 275 times
  • The average score is 13 of 19
Answers on the Map
Answers color-coded by a green-red scale on the quiz's map according to % correct below.
 
Answer Stats
% Correct
織田
90%
武田
89%
徳川
88%
伊達
87%
毛利
86%
上杉
86%
北条
84%
島津
82%
長宗我部
70%
浅井
68%
朝倉
68%
大友
63%
南部
60%
三好
57%
龍造寺
56%
佐竹
56%
最上
53%
尼子
52%
蘆品
39%
No matching quizzes found
Score Distribution
Percent of People with Each Score
Percentile by Number Answered
Your Score History
You have not taken this quiz